Anime Charaktere einfach - Statistiken

Allgemein
  • Dieses Quiz wurde 245 mal gespielt
  • Das Durchschnittsergebnis liegt bei 8 aus 13
Antwortstatistiken
Bildquiz Antwort % Korrekt
Gon Freecs
88%
Itachi Uchiha
88%
Killua Zoldyck
81%
Levi Ackermann
78%
Tanjiro Kamado
78%
Zenitsu Agatsuma
68%
Obito Uchiha
67%
Asta
63%
Jin-Woo Sung
58%
Shoto Todoroki
43%
Seishiro Nagi
32%
Kotaro Bokuto
28%
Luck Voltia
23%
Keine übereinstimmenden Quizze gefunden
Verteilung der Resultate
Anzahl Personen mit jedem Resultat
Perzentil nach korrekt beantworteten Fragen
Ihre Resultats-Entwicklung
Sie haben dieses Quiz noch nicht gespielt